One Piece Zoan Devil Fruits - Statistics

General Stats
  • This quiz has been taken 269 times
  • The average score is 18 of 38
Answer Stats
User Answer % Correct
Tony Tony Chopper Human-Human Fruit
95%
Kaku Ox-Ox Fruit, Model: Giraffe
95%
Monkey D. Luffy Human-Human Fruit, Model: Nika
92%
Sengoku Human-Human Fruit, Model: Daibutsu
84%
Marco Bird-Bird Fruit, Model: Phoenix
83%
Rob Lucci Cat-Cat Fruit, Model: Leopard
76%
Pell Bird-Bird Fruit, Model: Falcon
73%
Jabra Mutt-Mutt Fruit, Model: Wolf
70%
Kaido Fish-Fish Fruit, Model: Azure Dragon
68%
Dalton Ox-Ox Fruit, Model: Bison
67%
Funkfreed Elephant-Elephant Fruit
59%
Jack Elephant-Elephant Fruit, Model: Mammoth
58%
Black Maria Spider-Spider Fruit, Model: Rosamygale grauvogeli
50%
Tamago Egg-Egg Fruit
49%
Miss Merry Christmas Mole-Mole Fruit
47%
Pierre Horse-Horse Fruit
45%
Pekoms Turtle-Turtle Fruit
45%
Morgans Bird-Bird Fruit, Model: Albatross
42%
Queen Dragon-Dragon Fruit, Model:Brachiosaurus
42%
Boa Marigold Snake-Snake Fruit, Model: King Cobra
40%
X Drake Dragon-Dragon Fruit, Model: Allosaurus
39%
Stronger Horse-Horse Fruit. Model: Pegasus
39%
Who's Who Cat-Cat Fruit, Model: Saber-Toothed Tiger
38%
Catarina Devon Mutt-Mutt Fruit, Model: Nine-Tailed Fox
34%
Chaka Mutt-Mutt Fruit, Model: Jackal
33%
Sasaki Dragon-Dragon Fruit, Model:Triceratops
32%
Boa Sandersonia. Snake-Snake Fruit, Model: Anaconda
32%
Smiley Sala-Sala Fruit, Model: Axolotl
30%
King Dragon-Dragon Fruit, Model: Pteranodon
29%
Page One Dragon-Dragon Fruit, Model: Spinosaurus
28%
Kurozumi Orochi Snake-Snake Fruit, Model:Yamata no Orochi
27%
Ulti Dragon-Dragon Fruit, Model:Pachycephalosaurus
23%
Kabu Bug-Bug Fruit, Model:Rhinoceros Beetle
20%
Lassoo Mutt-Mutt Fruit, Model: Dachshund
20%
Yamato Mutt-Mutt Fruit, Model: Okuchi no Makami
17%
Bian Bug-Bug Fruit, Model:Hornet
16%
Bunbuku Mutt-Mutt Fruit, Model: Tanuki
16%
Onimaru Human-Human Fruit, Model: Onyudo
13%
No matching quizzes found
Score Distribution
Percent of People with Each Score
Percentile by Number Answered
Your Score History
You have not taken this quiz